Products of our time / (Record no. 11382)

MARC details
000 -CABECERA
campo de control de longitud fija 00589nam a2200205 4500
003 - IDENTIFICADOR DEL NÚMERO DE CONTROL
campo de control OSt
005 - FECHA Y HORA DE LA ÚLTIMA TRANSACCIÓN
campo de control 20260530113849.0
008 - DATOS DE LONGITUD FIJA--INFORMACIÓN GENERAL
campo de control de longitud fija 260421b2000 enka|||| |||| 00| 0 eng d
040 ## - FUENTE DE LA CATALOGACIÓN
Centro catalogador/agencia de origen ICI
Lengua de catalogación spa
Centro/agencia transcriptor ICI
050 4# - SIGNATURA TOPOGRÁFICA DE LA BIBLIOTECA DEL CONGRESO
Número de clasificación NA2750
Número de documento/Ítem R43
100 1# - ENTRADA PRINCIPAL--NOMBRE DE PERSONA
Nombre de persona Redhead, David,
9 (RLIN) 31031
245 10 - MENCIÓN DE TÍTULO
Título Products of our time /
Mención de responsabilidad, etc. David Redheaed
264 #1 - PRODUCCIÓN, PUBLICACIÓN, DISTRIBUCIÓN, FABRICACIÓN Y COPYRIGHT
Nombre del de productor, editor, distribuidor, fabricante Birkhäuser Verlag,
Fecha de producción, publicación, distribución, fabricación o copyright c2000
Producción, publicación, distribución, fabricación y copyright Basel :
300 ## - DESCRIPCIÓN FÍSICA
Extensión 144 páginas
Otras características físicas ilustraciones
Dimensiones 24cm.
336 ## - TIPO DE CONTENIDO
Término de tipo de contenido texto
Fuente rdacontent
337 ## - TIPO DE MEDIO
Nombre/término del tipo de medio sin medio
Fuente rdamedia
338 ## - TIPO DE SOPORTE
Nombre/término del tipo de soporte volumen
Fuente rdacarrier
650 #4 - PUNTO DE ACCESO ADICIONAL DE MATERIA--TÉRMINO DE MATERIA
Término de materia o nombre geográfico como elemento de entrada Diseño arquitectónico
9 (RLIN) 31032
942 ## - ELEMENTOS DE PUNTO DE ACCESO ADICIONAL (KOHA)
Fuente del sistema de clasificación o colocación Library of Congress Classification
Tipo de ítem Koha

No items available.